| 000 | 00931nam a2200217Ia 4500 | ||
|---|---|---|---|
| 001 | 1232 | ||
| 003 | GE_BSU | ||
| 008 | 181216s||||||||xx |||||||||||||| ||und|| | ||
| 020 | _a9789941402647 | ||
| 040 | _cGE_BSU | ||
| 080 | _a631.1(075.8) | ||
| 100 | _aმახარობლიძე,რ.მ; მახარობლიძე,ზ.კ; | ||
| 245 | _aჩაის პლანტაციების რეაბილიტაციის ტექნოლოგიური პროცესების მექანიზაცია. | ||
| 260 | _aთბილისი | ||
| 260 | _bინტელექტი, | ||
| 260 | _c2008 | ||
| 300 | _a229 გვ 20 სმ. | ||
| 541 | _h6 ლ. | ||
| 653 | _aჩაის პლანტაციების რეაბილიტაციის ტექნოლოგიური პროცესების მექანიზაცია | ||
| 942 | _cBK | ||
| 999 |
_c35379 _d35379 |
||